Quizzes
Events
Quiz Creation
Community
Videos
Private Events
Remove Ads
Sign In
Join for FREE
Feedback
Dark Mode
Quiz Categories
Sports
Geography
Music
Movies
Television
Just For Fun
Miscellaneous
History
Literature
Language
Science
Gaming
Entertainment
Religion
Holiday
For Kids
Quiz Lab
Recent
Popular Today
Quiz Kudos Today
Editor Picks
Curator Picks
Quizzes by...
Day
Popularity
Type
Ratings
Length
Year
Community
Subscriptions
Recent Discussions
Orange Saloon
Badges
Playlists
Quests
Create
Leaderboards
Showdown
Live 5
Trivia Bingo
Activity
Puzzle Library
Sporcle Events
Private Events
Virtual Trivia
Globe League
Become a Host
Pub Owners
SporcleCon
Opinionation
Our Games
Videos
Blog
Mobile Apps
Partnerships
Remove Ads and Go Orange
Feedback
Music
Pop Music
The Beatles
Song
Album
Lyrics
Bands
Singers
Artist
Clip
Rock
Rap
Classical
Billboard
Country Music
Kpop
Taylor Swift
Music
Pop Music
The Beatles
Song
Album
Lyrics
Bands
Singers
Artist
Clip
Rock
Rap
Classical
Billboard
Country Music
Kpop
Taylor Swift
Random Quiz
Search Sporcle
×
Quiz Lab
Quiz Lab
Music
Song
Type in answers that appear in a list
Type in answers that appear in a list
Classic
Best Score? Go Orange.
Job For A Cowboy Discography All Songs Stats
Can you name the Job For A Cowboy Discography All Songs?
By
ravenlee301090
12m
51 Questions
6 Plays
6 Plays
6 Plays
Comments
Comments
Give Quiz Kudos
Give Quiz Kudos
-
- Ratings
hide this ad
Replay
Link that replays current quiz
Next Quiz
Link to next quiz in quiz playlist
You Got
0%
They Got
Avg Score
36%
Avg Friend Score
Upgrade to see
Score Distribution
Jump to the score distribution portion of the page
Score
0/51
Timer
12:00
0
Plays Today
% Correct
83.3%
83.3%
Ruination
83.3%
83.3%
83.3%
Entombment of a Machine
66.7%
Knee Deep
66.7%
Suspended by the Throat
66.7%
Bearing the Serpent's Lamb
66.7%
Entombment of a Machine
66.7%
Relinquished
50%
The Rising Tide
50%
Entities
50%
Strings of Hypocrisy
50%
The Divine Falsehood
50%
Constitutional Masturbation
50%
Catharsis for the Buried
33.3%
Altered from Catechization
33.3%
Upheaval
33.3%
Embedded
33.3%
Martyrdom Unsealed
33.3%
Coalescing Prophecy
33.3%
Unfurling a Darkened Gospel
33.3%
Summon the Hounds
33.3%
Regurgitated Disinformation
33.3%
March to Global Enslavement
33.3%
% Correct
Lords of Chaos
33.3%
The Matter of Splatter
33.3%
The Matter of Splatter
33.3%
Embedded
33.3%
Altered from Catechization
33.3%
Unfurling a Darkened Gospel
33.3%
Regurgitated Disinformation
33.3%
Nourishment Through Bloodshed
33.3%
Imperium Wolves
33.3%
Tarnished Gluttony
33.3%
Reduced to Mere Filth
16.7%
Blasphemy
16.7%
Butchering the Enlightened
16.7%
Psychological Immorality
16.7%
To Detonate and Exterminate
16.7%
Misery Reformatory
16.7%
Plastic Idols
16.7%
Signature of Starving Power
16.7%
Children of Deceit
16.7%
Tongueless and Bound
16.7%
Execution Parade
0%
Black Discharge
0%
The Manipulation Stream
0%
The Deity Misconception
0%
Fearmonger
0%
Quiz Playlist
Details
Report
Send in Message
Add To Playlist
Classic:
Type in answers that appear in a list
Last Updated: Feb 16, 2017
Quiz Scoreboard
CHALLENGE
Sign Up to Join the Scoreboard
Show All
Scores
Hide
Comments
May contain spoilers
Recently Published
Billboard Blitz: Fleetwood Mac
by CooCooCachoo
Music
15s
Presidents Visiting Landmarks
by Hejman
History
7m
An Introduction to Baseball
by treessimontrees
Sports
5m
More to Explore
Quiz From the Vault
Featured Blog Post
Where Did the Easter Bunny Come From?
hide this ad
You Might Also Like...
Tags
Song Quiz
Cowboy
Discography
job
Today's Top Quizzes in Music
Browse Music
hide this ad
Today's Top Quizzes in Song
Browse Song
Top Contributed Quizzes in Music
1
Taylor Swift All Songs (2024)
2
Guess the Artist- 70s Songs
3
7-to-1: Billboard Hot 100 #1 Hits of 2010s
4
Sorting Albums and Songs
5
Taylor Swift Logic Puzzle
6
One Thing in Common: Music
7
2010s Album by Cover III
8
KPOP LOGIC QUIZ
9
Guess the Taylor Swift song (Mystery Song)
10
Guess the Artist- 80s Songs
Explore More
Trending Topics
Crossword
Anime
Harry Potter
NBA
Marvel
Disney
Kpop
Pokémon
Song
Soccer
Puzzle
The Office
NFL
WWE
Country
hide this ad
More By:
ravenlee301090
Quiz
Plays
Rating
Category
Featured
Created
Machine Head Discography All Songs
109
Music
Jun 22, 2012
Sodom Discography All Songs
68
5.00
Music
Jun 22, 2012
Sylosis Discography All Songs
19
5.00
Music
Jun 23, 2012
Soulfly Discography All Songs
11
Music
Jun 23, 2012
Obscura Discography All Songs
8
Music
Jun 22, 2012
Go to Creator's Profile
Score Distribution
Quiz Creator Spotlight
ravenlee301090
Follow
Send a Message
Quizzes Created
-
Created Quiz Play Count
-
More By This Creator
Popular Quizzes Today
1
Find the US States - No Outlines Minefield
2
Find the Countries of Europe - No Outlines Minefield
3
The Countries of the World
4
Find the US States
5
Popular People in 1961
6
US States
7
Risky Map Clicking: Biggest States A-Z
8
Movies - When Are They Set?
More Music Quizzes
5-to-1: 1991 Billboard #1s by Lyrics
Published
Trending Quizzes
Risky Map Clicking: Least Populous States A-Z
1-10 Letter G Words
1-10 Letter F Words
Risky Map Clicking: Next State Alphabetically
'A' Boys' Names Grid
Recently Updated
Leaping Animals
pecheneg
Reality TV Shows (A-Z)
bhenderson79
Rickey Henderson's Hall of Fame Teammates
pecheneg
Champions League XIs: Arsenal
pecheneg
Quick Pick: Celebrities in WWE's Hall of Fame
aduchscher
A-Z Keypad Blitz II
pecheneg
Multiple Oscar Actors
pecheneg
Mystery Phrase Blitz: Oscar 'Best Actors'
pecheneg
F. Scott Fitzgerald Novels
LTH
Pick 3 Villains
ddd62291
Trending Topics
Crossword
Anime
Harry Potter
Kpop
NBA
Disney
Marvel
Puzzle
Soccer
NFL
The Office
WWE
Pokémon
Country
Song
Your Account Isn't Verified!
In order to create a playlist on Sporcle, you need to verify the email address you used during registration. Go to your
Sporcle Settings
to finish the process.
Report this User
Report this user for behavior that violates our
Community Guidelines
.
Details:
Send Report
Go to the Sporcle.com Mobile Site →
Comments